000 00540nam a2200169 4500
001 140024
003 ES-MaACL
005 20230906195957.0
007 t|
008 070214s1970 sp r ||||1| spa d
100 1 _aSchramme, Jean.
_9104689
245 1 3 _aEl drama africano
_b: memorias de un africano blanco /
_cJean Schramme ; versión de José María Aroca.
260 _aBarcelona :
_bAcervo,
_c1970.
300 _a350 p., 8 lám. :
_bil. ;
_c20 cm.
700 1 _aAroca, José María.
_923132
852 _aES-MaACL
_jC-39791
_bR.75048
999 _c140024
_d140024